MARC details
| 000 -CABECERA |
| campo de control de longitud fija |
01768nam a2200277 i 4500 |
| 001 - NÚMERO DE CONTROL |
| campo de control |
000045473 |
| 003 - IDENTIFICADOR DEL NÚMERO DE CONTROL |
| campo de control |
DO-SdBNP |
| 005 - FECHA Y HORA DE LA ÚLTIMA TRANSACCIÓN |
| campo de control |
20251112100026.0 |
| 007 - CAMPO FIJO DE DESCRIPCIÓN FÍSICA--INFORMACIÓN GENERAL |
| campo de control de longitud fija |
ta |
| 008 - DATOS DE LONGITUD FIJA--INFORMACIÓN GENERAL |
| campo de control de longitud fija |
150407s1994 dr r 000 0 spa d |
| 040 ## - FUENTE DE LA CATALOGACIÓN |
| Centro catalogador/agencia de origen |
DO-SdBNP |
| Lengua de catalogación |
spa |
| Centro/agencia transcriptor |
BNPHU |
| Normas de descripción |
rda |
| 082 ## - NÚMERO DE LA CLASIFICACIÓN DECIMAL DEWEY |
| Número de clasificación |
xxxx |
| Número de documento/Ítem |
V434f |
| Número de edición |
22 |
| 100 1# - ENTRADA PRINCIPAL--NOMBRE DE PERSONA |
| Nombre de persona |
Velázquez Mainardi, M. A. |
| 9 (RLIN) |
17435 |
| 245 13 - MENCIÓN DE TÍTULO |
| Título |
El fraude del fraude : |
| Resto del título |
una conjura internacional / |
| Mención de responsabilidad, etc. |
M. A. Velázquez Mainardi ; prólogo Pedro Manuel Casals Victoria. |
| 264 ## - PRODUCCIÓN, PUBLICACIÓN, DISTRIBUCIÓN, FABRICACIÓN Y COPYRIGHT |
| Producción, publicación, distribución, fabricación y copyright |
Santo Domingo : |
| Nombre del de productor, editor, distribuidor, fabricante |
Editora Tele-3, |
| Fecha de producción, publicación, distribución, fabricación o copyright |
1994. |
| 300 ## - DESCRIPCIÓN FÍSICA |
| Extensión |
258 páginas ; |
| Dimensiones |
21 cm. |
| 336 ## - TIPO DE CONTENIDO |
| Término de tipo de contenido |
rdacontent |
| Código de tipo de contenido |
texto |
| Fuente |
txt |
| 337 ## - TIPO DE MEDIO |
| Nombre/término del tipo de medio |
rdamedia |
| Código del tipo de medio |
sin mediación |
| Fuente |
n |
| 338 ## - TIPO DE SOPORTE |
| Nombre/término del tipo de soporte |
rdacarrier |
| Código del tipo de soporte |
volumen |
| Fuente |
nc |
| 500 ## - NOTA GENERAL |
| Nota general |
Incluye datos biográficos del autor en las solapas. |
| 505 0# - NOTA DE CONTENIDO CON FORMATO |
| Título |
El apoyo de Estados Unidos -- |
| -- |
Las sospechas |
| -- |
La sorpresa del revés electoral -- |
| -- |
El fraude colosal |
| -- |
Observadores e interventores -- |
| -- |
La causa eficiente de la crisis -- |
| -- |
Los perfiles de la sedición El voto negativo 67|La conciencia cívica 73| |
| -- |
El voto negativo -- |
| -- |
La conciencia cívica -- |
| -- |
El riesgo de una intervención militar -- |
| -- |
El problema haitiano -- |
| -- |
Locuacidad traicionera -- |
| -- |
Arbitros prejuiciados -- |
| -- |
El plan de la desnacionalización -- |
| -- |
Las investigaciones sobre el fraude -- |
| -- |
La institucionalidad no es negociable -- |
| -- |
El colchón contra el fraude -- |
| -- |
El plan Burguiba -- |
| -- |
Nuevas elecciones -- |
| -- |
EL habitat natural de la diáspora haitiana -- |
| -- |
Ultrajes al país -- |
| -- |
Delirante insistencia -- |
| -- |
El pacto por la democracia -- |
| -- |
Derivaciones inconstitucionales -- |
| -- |
Narco-financiación electoral -- |
| -- |
Una democracia corrupta -- |
| -- |
El nuevo orden electoral -- |
| 590 ## - NOTA LOCAL (RLIN) |
| Nota local |
Inventariado, 2025/DG |
| 700 12 - PUNTO DE ACCESO ADICIONAL--NOMBRE DE PERSONA |
| Nombre de persona |
Casals Victoria, Pedro Manuel, |
| Término indicativo de función/relación |
prólogo |
| 9 (RLIN) |
7723 |
| 910 ## - DATOS DE OPCIÓN DEL USUARIO (OCLC) |
| Datos de opción del usuario |
DG |
| 942 ## - ELEMENTOS DE PUNTO DE ACCESO ADICIONAL (KOHA) |
| Fuente del sistema de clasificación o colocación |
Dewey Decimal Classification |
| Tipo de ítem Koha |
Libro |